[Event "15th Open A"]
[Site "Vienna AUT"]
[Date "2006.07.31"]
[Round "3"]
[White "Jethan,M"]
[Black "Wiesinger,R"]
[Result "0-1"]
[WhiteElo "2067"]
[BlackElo "2223"]

1.d4 d5 2.c4 dxc4 3.Nf3 a6 4.e3 Bg4 5.Bxc4 e6 6.Qb3 b5 7.Ne5 bxc4 8.Qa4+ c6
9.Nxg4 Qg5 10.f3 h5 11.Ne5 Qxg2 12.Rf1 Be7 13.Qxc4 Bh4+ 14.Kd1 Qxh2 15.Nc3 Ne7
16.Ne4 Nf5 17.Bd2 Qg2 18.Qd3 Ng3 19.Nxg3 Bxg3 20.f4 Nd7 21.Nxd7 Kxd7 22.f5 Qd5
23.fxe6+ Qxe6 24.Rc1 Rhe8 25.Kc2 f6 26.Kb1 Qe4 27.Qxe4 Rxe4 28.Rf5 h4 29.d5 Rc8
30.a3 Re5 31.Rxe5 Bxe5 32.Rg1 g5 33.dxc6+ Kxc6 34.Bb4 Kd5 35.Rg4 h3 36.e4+ Ke6
37.Rg1 h2 38.Rf1 Rc4 39.Bd2 Rxe4 40.Kc2 Re2 41.Kd3 Rg2 42.Be3 Rxb2  0-1

[Event "15th Open A"]
[Site "Vienna AUT"]
[Date "2006.08.03"]
[Round "6"]
[White "Dinckel,J"]
[Black "Kuran,A"]
[Result "1/2-1/2"]
[WhiteElo "2101"]
[BlackElo "1993"]

1.d4 d5 2.c4 dxc4 3.Nf3 a6 4.e3 e6 5.Bxc4 Nf6 6.O-O b5 7.Be2 Nbd7 8.a4 b4
9.Nbd2 Bb7 10.Nc4 a5 11.Nfe5 Bd6 12.f4 O-O 13.Bf3 Ne4 14.Qc2 Ndf6 15.Bd2 Bd5
16.Be1 Rc8 17.Bh4 c5 18.Bxe4 Bxe4 19.Qxe4 Nxe4 20.Bxd8 Rfxd8 21.Nxa5 cxd4
22.exd4 Bxe5 23.dxe5 Rc2 24.Rad1 Nd2 25.Nb3 Rxb2 26.Rxd2 Rdxd2 27.Nxd2 Rxd2
28.Rb1 Ra2 29.Rxb4 f6 30.exf6 gxf6 31.h3 Kg7 32.Kh2 Kg6 33.Kg3 h5 34.h4 Ra3+
35.Kf2 Kf5 36.Rb5+ Kg4 37.Rb4 f5 38.Rb6 Rxa4 39.Rxe6 Rxf4+ 40.Kg1 Kxh4 41.Kh2 Rg4
42.Re8 Ra4 43.Rg8 Ra2 44.Rg7 f4 45.Rg8 Ra3 46.Rf8 Kg5 47.Rg8+ Kh6 48.Rh8+ Kg6
49.Rg8+  1/2-1/2

[Event "Open"]
[Site "Stare Mesto CZE"]
[Date "2006.08.18"]
[Round "9"]
[White "Pakhomov,A"]
[Black "Kovacik,E"]
[Result "1-0"]
[WhiteElo "2523"]
[BlackElo "2189"]

1.d4 d5 2.c4 dxc4 3.Nf3 a6 4.e3 Bg4 5.Bxc4 e6 6.h3 Bh5 7.Nc3 Nf6 8.g4 Bg6
9.Ne5 Nbd7 10.Nxg6 hxg6 11.Qf3 c6 12.Bd2 Bb4 13.O-O-O Qe7 14.Qg2 O-O-O 15.a3 Bd6
16.Bxa6 Bxa3 17.Qxc6+  1-0

[Event "Stukkenjagers Weekend"]
[Site "Tilburg NED"]
[Date "2006.08.19"]
[Round "2"]
[White "Miedema,R"]
[Black "Afek,Y"]
[Result "0-1"]
[WhiteElo "2218"]
[BlackElo "2316"]

1.d4 d5 2.c4 dxc4 3.Nf3 c5 4.d5 e6 5.Nc3 exd5 6.Qxd5 Qxd5 7.Nxd5 Na6 8.e4 Ne7
9.Nxe7 Bxe7 10.Bxc4 Nc7 11.Bf4 Be6 12.Nd2 O-O-O 13.O-O-O Rd4 14.Bxc7 Kxc7
15.Bxe6 fxe6 16.Nf3 Rxe4 17.Rhe1 Rxe1 18.Rxe1 Kd7 19.Ne5+ Ke8 20.Nf3 Kd7
21.Ne5+ Kc7 22.Nf3 Bf6 23.Rxe6 Rd8 24.Kc2 Rd5 25.Re8 Rf5 26.b3 Rf4 27.Kd3 b5
28.Re4 Rf5 29.Ke3 Kb6 30.Re6+ Ka5 31.Ke4 Rh5 32.h4 c4 33.Rc6 cxb3 34.axb3 Kb4
35.g4 Rc5 36.Rxc5 Kxc5 37.g5 Bc3 38.Kd3 Kb4 39.Kc2 g6 40.Nh2 Be1 41.Ng4 Ka3
42.Nf6 Bxf2 43.Nxh7 a5 44.Nf8 b4 45.Nxg6 Ka2 46.Ne5 a4 47.Nc4 axb3+ 48.Kd3 Bxh4
49.g6 Bf6 50.Nd2 b2 51.Kc4 Bc3 52.Kb5 b3 53.g7 Bxg7 54.Kc4 Bf6 55.Kb4 Bh4  0-1

[Event "Stukkenjagers Weekend"]
[Site "Tilburg NED"]
[Date "2006.08.19"]
[Round "3"]
[White "Peek,Mau"]
[Black "Eerens,P"]
[Result "1-0"]
[WhiteElo "2375"]
[BlackElo "2148"]

1.d4 d5 2.c4 dxc4 3.Nf3 a6 4.e3 Bg4 5.Bxc4 e6 6.Nc3 Nc6 7.Ne4 Nf6 8.Ng3 Bd6
9.h3 Bb4+ 10.Kf1 Bf5 11.Nxf5 exf5 12.Qb3 Qe7 13.a3 b5 14.Bd5 Nxd5 15.Qxd5 Qd6
16.Qxf5 Ba5 17.Qe4+ Kf8 18.Ne5  1-0

[Event "23rd Open"]
[Site "Collado Villalba ESP"]
[Date "2006.08.24"]
[Round "6"]
[White "Aranaz Portugues,J"]
[Black "Petkov,V"]
[Result "1-0"]
[WhiteElo "2159"]
[BlackElo "2480"]

1.d4 d5 2.c4 dxc4 3.Nf3 a6 4.e3 b5 5.a4 Bb7 6.b3 Nf6 7.bxc4 b4 8.Nbd2 c5
9.d5 g6 10.Bb2 Bg7 11.Be2 O-O 12.O-O e6 13.e4 Nbd7 14.Re1 Re8 15.Qc2 Qc7
16.Bf1 e5 17.a5 Rf8 18.Nb3 Ne8 19.Rad1 Nd6 20.g3 Rae8 21.Nh4 Bc8 22.f4 f5
23.exf5 gxf5 24.Bh3 e4 25.Bxg7 Kxg7 26.Nxf5+ Nxf5 27.Bxf5 Rxf5 28.Rxe4 Nf6
29.Rxe8 Nxe8 30.Qf2 Nd6 31.Nxc5 Rf6 32.Re1 Nf5 33.Ne4 Qxc4 34.Nxf6 Kxf6 35.g4 Qxd5
36.gxf5 Bxf5 37.Qh4+  1-0

[Event "Rudenko Mem"]
[Site "St Petersburg RUS"]
[Date "2006.08.28"]
[Round "3"]
[White "Borzova,A"]
[Black "Shushpanova,N"]
[Result "1/2-1/2"]
[WhiteElo "1819"]
[BlackElo "2069"]

1.d4 d5 2.c4 dxc4 3.Nf3 a6 4.e3 Bg4 5.Bxc4 e6 6.O-O Nf6 7.a4 Nc6 8.h3 Bh5
9.Nc3 Bd6 10.Be2 O-O 11.Kh1 Re8 12.Ne5 Bxe2 13.Nxc6 Bxd1 14.Nxd8 Be2 15.Nxe2 Raxd8
16.b3 h6 17.Bb2 Ne4 18.Rad1 Bb4 19.Bc1 Rd6 20.f3 Nf6 21.e4 Rc6 22.Bd2 Be7
23.Rc1 Rxc1 24.Rxc1 c6 25.Kg1 Rd8 26.Be3 Rd7 27.Kf2 Bd8 28.Rc4 Ne8 29.Rc2 f6
30.f4 Nd6 31.Kf3 f5 32.e5 Nc8 33.Rc3 Ne7 34.Rc2 Bb6 35.Rc4 Kf7 36.Bf2 Nd5
37.g3 g6 38.Nc3 Ne7 39.Ne2 Ba5 40.Be3 Bb6 41.Bf2 Ba7 42.Be3 Nd5 43.Bf2 Bb6
44.Nc3 Ne7 45.Be3 Ke8 46.Bf2 Ba7 47.Ne2 Nd5 48.Rc1 Bb6 49.Rc4 h5 50.h4 Ba7
51.Rc1 Bb8 52.Rc4 Bc7 53.Rc1 Ba5 54.Be1 Bd8 55.Bf2 Be7 56.Nc3 Nxc3 57.Rxc3 Rd5
58.Ke3 Kd7 59.Rc2 b6 60.Ke2 Kc7 61.Rc4 Kb7 62.Be3 b5 63.Rc2 Bd8 64.Rc1 Bb6
65.Rd1 Bd8 66.Rc1 Be7 67.Rc2 a5 68.Bf2 Bd8 69.Be3 Bb6 70.Rd2 Kc7 71.Bf2 Ba7
72.Be3 Kd7 73.Bf2 Kc7 74.Be3 Bb6 75.Bf2 Ba7 76.Be3 Bb8 77.Rc2 Kb7 78.Ra2 Bc7
79.Rc2 Bd8 80.Bf2 Be7 81.Ra2 Kb6 82.Rc2 Bb4 83.Be3 Kb7 84.Bf2 Be7 85.Ra2 Bd8
86.Rc2 Bb6 87.Rd2 Ba7 88.Be3 c5 89.dxc5 Rxd2+ 90.Kxd2 Kc6 91.axb5+ Kxb5 92.Kd3 Bxc5
93.Bxc5 Kxc5 94.Kc3 Kb5 95.Kc2 Kc5 96.Kc3 Kd5 97.Kd3 Kc5 98.Kc3 Kb5 99.Kc2 Kb4
100.Kb2  1/2-1/2

[Event "TCh-Serbia"]
[Site "Zlatibor SCG"]
[Date "2006.08.28"]
[Round "3"]
[White "Benkovic,P"]
[Black "Radulski,J"]
[Result "1-0"]
[WhiteElo "2431"]
[BlackElo "2472"]

1.d4 d5 2.c4 dxc4 3.Nf3 c5 4.e3 e6 5.Bxc4 Nf6 6.O-O a6 7.dxc5 Qxd1 8.Rxd1 Bxc5
9.Nbd2 O-O 10.Be2 Rd8 11.Ne5 Be7 12.Nec4 Nd5 13.Nb3 b5 14.Nca5 Bd7 15.e4 Nf6
16.f3 Nc6 17.Rxd7 Rxd7 18.Nxc6 Bf8 19.Bf4 Bd6 20.Bxd6 Rxd6 21.Rc1 Rd7 22.Ne5 Rda7
23.Na5 Ne8 24.Kf2 f6 25.Nec6 Rd7 26.Ke3 Kf8 27.Rd1 Nd6 28.Rd2 Ke8 29.Bd1 Nf7
30.a4 Rxd2 31.Kxd2 Kd7 32.axb5 axb5 33.b4 e5 34.Bb3 Nd6 35.Bd5 Rh8 36.Kd3 Kc7
37.g3 g5 38.Be6 Re8 39.Bd5 h5 40.Nb3 g4 41.Nc5 gxf3 42.Ke3 Nc4+ 43.Kxf3 Kd6
44.Nb7+ Kc7 45.Na7 Na3 46.Nc5 Kb6 47.Nc6 Nc2 48.g4 hxg4+ 49.Kxg4 Ne3+ 50.Kf3 Nxd5
51.exd5 Rh8 52.Ne7 Rxh2 53.d6 Rd2 54.d7 Kc7 55.Ke4 Rd4+ 56.Kf5 Rd6 57.Ng8 Kc6
58.Ne7+ Kc7 59.Ng8 e4 60.Nxf6  1-0

[Event "Rudenko Mem"]
[Site "St Petersburg RUS"]
[Date "2006.09.03"]
[Round "9"]
[White "Gromova,I"]
[Black "Gaprindashvili,N2"]
[Result "1/2-1/2"]
[WhiteElo "2210"]
[BlackElo "2062"]

1.d4 d5 2.c4 dxc4 3.Nf3 a6 4.e3 Nf6 5.Bxc4 e6 6.Qe2 Be7 7.O-O O-O 8.Rd1 Nbd7
9.Nbd2 b5 10.Bd3 c5 11.a4 c4 12.Bc2 Bb7 13.e4 Re8 14.Ng5 Nf8 15.e5 Nd5 16.Nde4 h6
17.Nh3 Nh7 18.Qg4 Kh8 19.Bb1 Rc8 20.Nf4 Nxf4 21.Bxf4 Rc7 22.Qh5 Bf8 23.axb5 axb5
24.Nd6 Ree7 25.Ra3 Bc6 26.Rg3 g6 27.Qh4 Re8 28.Qh3 h5 29.Nxe8 Qxe8 30.Bg5 Nxg5
31.Rxg5 Bh6 32.Rg3 b4 33.Bc2 Bf4 34.Rg4 Bh6 35.Rh4 Qf8 36.f4 Ra7 37.Bb1 Ra1
38.Qe3 Qa8 39.Qe2 Qd8 40.Rh3 Ba4 41.b3 Bxb3 42.Rxb3 cxb3 43.f5 gxf5 44.d5 Kg8
45.dxe6 Qb6+ 46.Kh1 fxe6 47.Qxh5 Bg7 48.h3 Qb8 49.Qg6 Qb6 50.Qg5 Qc7 51.Qg6 Qb6
52.h4 Kh8 53.h5 Qd4 54.Rxd4 Rxb1+ 55.Kh2 Bxe5+ 56.g3 Bxd4 57.Qe8+ Kh7 58.Qd7+ Bg7
59.Qxe6 Kh8 60.Qxf5 Rc1 61.Qg6 b2 62.h6 Bc3 63.h7  1/2-1/2

[Event "FSIMB September"]
[Site "Budapest HUN"]
[Date "2006.09.09"]
[Round "8"]
[White "Richter,Ch"]
[Black "Lengyel,B"]
[Result "1-0"]
[WhiteElo "2442"]
[BlackElo "2339"]

1.d4 d5 2.c4 dxc4 3.Nf3 a6 4.e3 Bg4 5.Bxc4 e6 6.h3 Bh5 7.Nc3 Nf6 8.g4 Bg6
9.Ne5 Nfd7 10.Nxg6 hxg6 11.Bf1 Nc6 12.Bg2 Nb6 13.Qb3 Qd7 14.Bd2 O-O-O 15.Na4 Nxa4
16.Qxa4 Nb4 17.Qxd7+ Rxd7 18.Ke2 c6 19.Rhc1 Nd5 20.a3 Be7 21.Rab1 Kb8 22.Rc2 g5
23.Rh1 f5 24.Rcc1 Rhd8 25.Ba5 Re8 26.Bf3 Bf6 27.Rhd1 g6 28.Kf1 Rh8 29.Kg2 Rdh7
30.Rh1 Be7 31.Bd2 Bd6 32.Rcd1 Nf6 33.Bc3 Rf8 34.Rdf1 Rhf7 35.Rhg1 Ne4 36.Be1 Nf6
37.Bc3 Rh7 38.Rh1 Rhf7 39.Be2 Nd5 40.Bd2 f4 41.Bf3 e5 42.e4 Nf6 43.Bc3 Re8
44.Rd1 Kc7 45.h4 gxh4 46.Rxh4 exd4 47.Rxd4 Be5 48.Rc4 Bxc3 49.bxc3 Nd7 50.Rd4 Ne5
51.Rh6 Rd8 52.g5 Rdf8 53.Rd1 a5 54.Rd4 b6 55.Bd1 Rd7 56.Bb3 c5 57.Rd5 Rxd5
58.Bxd5 Rd8 59.Rh7+ Rd7 60.Rh8 Rd8 61.Rh7+ Rd7 62.Rh4 f3+ 63.Kg3 b5 64.Kf4 Re7
65.Rh8 b4 66.cxb4 cxb4 67.axb4 axb4 68.Ra8 Kb6 69.Ke3 Rc7 70.Kf4 Re7 71.Ke3 Rc7
72.Re8 Rc3+ 73.Kf4 Nd3+ 74.Kxf3 b3 75.Rb8+ Kc5 76.Rxb3 Ne5+ 77.Kf4 Rxb3 78.Bxb3 Kd4
79.Bc2 Nc4 80.Ba4 Ne5 81.Bb5 Nf7 82.Be8 Ne5 83.f3 Nd3+ 84.Kg3 Ne5 85.f4 Nd3
86.f5  1-0

[Event "15th TCh-CRO"]
[Site "Sibenik CRO"]
[Date "2006.09.24"]
[Round "3"]
[White "Franic,M"]
[Black "Dizdarevic,E"]
[Result "0-1"]
[WhiteElo "2392"]
[BlackElo "2489"]

1.d4 d5 2.c4 dxc4 3.Nf3 a6 4.e3 e6 5.Bxc4 c5 6.O-O b5 7.Bd3 Bb7 8.a4 b4 9.Nbd2 Nf6
10.Nb3 Nbd7 11.a5 Bd6 12.dxc5 Nxc5 13.Nxc5 Bxc5 14.Qe2 Qd5 15.Rd1 Qh5 16.Bd2 O-O
17.Be1 Rfd8 18.Bc4 Rd6 19.Rxd6 Bxd6 20.h3 h6 21.Bd3 Qc5 22.Qc2 Qd5 23.Bc4 Qh5
24.Qe2 Ne4 25.Nd2 Qe5 26.f4 Qxb2 27.Ra2 Qf6 28.Nxe4 Bxe4 29.Rb2 Qf5 30.Bxb4 Bxb4
31.Rxb4 Qxa5 32.Rb2 Qc3 33.Kh2 a5 34.Ba2 a4 35.Qd2 Qxd2 36.Rxd2 a3 37.Kg3 Kf8
38.Rd4 Bd5 39.Rd2 Ke7 40.Kf2 f5 41.g4 g6 42.Ke2 Bxa2 43.Rxa2 Kd6 44.gxf5 exf5
45.h4 Kc5 46.Kd3 Kd5  0-1

[Event "15th TCh-CRO"]
[Site "Sibenik CRO"]
[Date "2006.09.24"]
[Round "3"]
[White "Martic,Z"]
[Black "Sulava,N"]
[Result "0-1"]
[WhiteElo "2300"]
[BlackElo "2489"]

1.d4 d5 2.c4 dxc4 3.Nf3 a6 4.a4 Nf6 5.e3 Bg4 6.Bxc4 e6 7.Nc3 Nc6 8.h3 Bh5
9.g4 Bg6 10.Nh4 Be4 11.Nxe4 Nxe4 12.Nf3 h5 13.Qd3 Ng5 14.Nxg5 Qxg5 15.gxh5 O-O-O
16.Qe4 Qxh5 17.Bd2 Bb4 18.Bc3 Qa5 19.Qc2 Rd6 20.Qb3 g6 21.O-O-O Rhd8 22.h4 Bxc3
23.bxc3 Ne7 24.Kc2 Qf5+ 25.Bd3 Qxf2+ 26.Rd2 Qxe3 27.a5 Nc6 28.Rb1 Nxa5 29.Qa4 Rd5
30.Rf1 R8d7 31.Rdf2 Nc6 32.Rxf7 Rxf7 33.Rxf7 Kb8 34.Qa3 Qe1 35.Qf8+ Ka7 36.Bc4 Ra5
37.Rf2 Qe4+ 38.Kb2 Rf5 39.Rxf5 Qxf5 40.Qe8 Qf2+ 41.Kc1 Qe1+ 42.Kc2 Qe4+ 43.Kb2 e5
44.d5 Qxc4 45.dxc6 Qxc6 46.Qxe5 Qb5+  0-1

[Event "15th TCh-CRO"]
[Site "Sibenik CRO"]
[Date "2006.09.26"]
[Round "5"]
[White "Bilobrk,F"]
[Black "Dizdarevic,E"]
[Result "1/2-1/2"]
[WhiteElo "2386"]
[BlackElo "2489"]

1.d4 d5 2.c4 dxc4 3.Nf3 a6 4.e3 e6 5.Bxc4 c5 6.O-O b5 7.Be2 Bb7 8.dxc5 Bxc5
9.Qxd8+ Kxd8 10.b3 Nd7 11.Bb2 Ngf6  1/2-1/2

[Event "56th TCh-BUL w"]
[Site "Sunny Beach BUL"]
[Date "2006.10.05"]
[Round "1"]
[White "Genova,R"]
[Black "Vladimirova,M"]
[Result "1/2-1/2"]
[WhiteElo "2219"]
[BlackElo "1994"]

1.d4 d5 2.Nf3 c5 3.c4 dxc4 4.d5 e6 5.Nc3 Nf6 6.e4 exd5 7.e5 Nfd7 8.Nxd5 Nb6
9.Nxb6 Qxd1+ 10.Kxd1 axb6 11.Bxc4 Be7 12.Bg5 Bg4 13.Bxe7 Kxe7 14.Re1 Nc6
15.Re3 Nd4 16.Rc1 Rhd8 17.Ke1 Bxf3 18.gxf3 b5 19.Bb3 c4 20.Bd1 Rxa2 21.b3 Nxb3
22.Bxb3 cxb3 23.Rxb3 Rdd2 24.Rxb5 Re2+ 25.Kf1 Rxf2+ 26.Kg1 Rg2+ 27.Kf1 Rxh2
28.Rxb7+ Ke6 29.Kg1 Rhg2+ 30.Kh1 Rgf2 31.Rcb1 Rxf3 32.R1b6+ Kd5 33.Rb5+ Ke4
34.Rb4+ Kxe5 35.R4b5+ Kd4 36.Rb4+ Ke5 37.R4b5+ Kf6 38.R7b6+ Ke7 39.Rb7+ Kf6
40.R7b6+ Ke7  1/2-1/2

[Event "WYB16"]
[Site "Batumi GEO"]
[Date "2006.10.22"]
[Round "4"]
[White "Margvelashvili,G"]
[Black "Hayrapetian,O"]
[Result "1/2-1/2"]
[WhiteElo "2456"]
[BlackElo "2284"]

1.d4 d5 2.c4 dxc4 3.Nf3 a6 4.a4 Nc6 5.e3 Bg4 6.Bxc4 e6 7.Nc3 Nf6 8.h3 Bh5
9.Be2 Bd6 10.O-O O-O 11.b3 Qe8 12.Bb2 e5 13.d5 Nb4 14.e4 Bg6 15.Nd2 Qe7 16.Ba3 Rfd8
17.Bf3 Bc5 18.Nc4 a5 19.Qe2 c6 20.dxc6 bxc6 21.Rad1 Bd4 22.Na2 c5 23.Nxb4 axb4
24.Bc1 Qb7 25.Bg5 Qc6 26.Bxf6 Qxf6 27.Bh5 Ra6 28.Bxg6 Qxg6 29.Nxe5 Qe6 30.Nc4 Re8
31.e5 Qh6 32.Kh1 Rg6 33.f4 Qh4 34.Rd3 Rh6 35.f5 Qd8 36.Rg3 Rh4 37.Re1 Qd7
38.e6 fxe6 39.fxe6 Qc7 40.Rg4 Rh6 41.Qe4 Rhxe6 42.Qxe6+ Rxe6 43.Rxe6 h5 44.Rge4 Qg3
45.Nd2 Qc3 46.Nf3 Qxb3 47.Ng5 g6 48.Re8+ Kg7 49.R4e7+ Kh6 50.Nf7+ Kg7 51.Ng5+ Kh6
52.h4 Qd1+ 53.Re1 Qg4 54.R1e4 Qd1+ 55.Re1 Qg4 56.R1e4 Qd1+  1/2-1/2

[Event "NWAPA Rector Cup"]
[Site "St Petersburg RUS"]
[Date "2006.11.05"]
[Round "7"]
[White "Khruschiov,A"]
[Black "Anisimov,P"]
[Result "0-1"]
[WhiteElo "2488"]
[BlackElo "2527"]

1.d4 d5 2.c4 dxc4 3.Nf3 a6 4.a4 Nf6 5.Nc3 Nc6 6.e4 Bg4 7.d5 Ne5 8.Bf4 Nfd7
9.Qd4 c5 10.Qe3 Bxf3 11.gxf3 g6 12.Bg5 h6 13.Bh4 g5 14.Bg3 Qb6 15.O-O-O Bg7
16.f4 gxf4 17.Bxf4 Qb3 18.Bh3 Nb6 19.Rhg1 Nd3+ 20.Rxd3 cxd3 21.Rxg7 Qc2+  0-1

[Event "TCh-FIN 2006-7"]
[Site "Helsinki FIN"]
[Date "2006.11.18"]
[Round "4"]
[White "Johansson,Ju"]
[Black "Tiitta,S"]
[Result "0-1"]
[WhiteElo "2113"]
[BlackElo "2224"]

1.d4 d5 2.c4 dxc4 3.Nf3 a6 4.e3 Nf6 5.Bxc4 e6 6.O-O c5 7.Qe2 b5 8.Bd3 Bb7
9.a4 b4 10.Nbd2 Nc6 11.Rd1 Qc7 12.e4 Nxd4 13.Nxd4 cxd4 14.e5 Nd7 15.Nf3 Nc5
16.Nxd4 Be7 17.Bc4 O-O 18.Bd2 Ne4 19.Bf4 Rfd8 20.Rac1 Bc5 21.Ba2 Qb6 22.Rxc5 Qxc5
23.Qd3 Qe7 24.Bb1 Qh4 25.Qe3 g5 26.Bg3 Qh5 27.f3 Nxg3 28.hxg3 Rd7 29.Re1 Rad8
30.Nb3 g4 31.f4 Bc6 32.Bc2 Rc7 33.Nc5 a5 34.Na6 Rcd7 35.Nc5 Rd4 36.Rc1 Rd2
37.Nb3 Rxg2+  0-1

[Event "XIV Salona GM"]
[Site "Solin CRO"]
[Date "2006.11.24"]
[Round "1"]
[White "Stefanova,A"]
[Black "Dizdarevic,E"]
[Result "1/2-1/2"]
[WhiteElo "2489"]
[BlackElo "2492"]

1.d4 d5 2.c4 dxc4 3.Nf3 a6 4.e3 e6 5.Bxc4 c5 6.O-O b5 7.Bd3 Bb7 8.dxc5 Bxc5
9.Qe2 Nd7 10.Nbd2 Ngf6 11.a3 Bd6 12.Rd1 O-O 13.b4 Qe7 14.Bb2 Rfd8 15.Rac1 Rac8
16.Rxc8 Rxc8 17.Bb1 h6 18.Nb3 Bd5 19.Nbd4 Be4 20.Bxe4 Nxe4 21.a4 Ndf6 22.axb5 axb5
23.Qxb5 Bxb4 24.Nc6 Qc5 25.Qxc5 Bxc5 26.Nfe5 Ra8 27.Rd8+ Rxd8 28.Nxd8 Nd6
29.Kf1 Bb6 30.Ndc6 Bc7 31.Ke2  1/2-1/2

[Event "19th Belgrade Trophy"]
[Site "Belgrade SRB"]
[Date "2006.11.27"]
[Round "6"]
[White "Jovicic,R"]
[Black "Kizov,A"]
[Result "1/2-1/2"]
[WhiteElo "2268"]
[BlackElo "2390"]

1.d4 d5 2.Nf3 c5 3.c4 dxc4 4.d5 e6 5.Nc3 exd5 6.Qxd5 Qxd5 7.Nxd5 Bd6 8.Nd2 Nc6
9.Nxc4 Bb8 10.Bg5 Be6 11.O-O-O h6 12.Be3 Nge7 13.Nxe7 Nxe7 14.b3 b6 15.g3 Bc7
16.Bg2 Rd8 17.Rxd8+ Kxd8 18.Rd1+ Kc8 19.Nd6+ Kb8 20.Nb5 Be5 21.f4 Nf5 22.Bf2 a6
23.e4 Ne7  1/2-1/2

[Event "ch-ROM"]
[Site "Predeal ROM"]
[Date "2006.11.30"]
[Round "4"]
[White "Jianu,V"]
[Black "Vasilescu,L"]
[Result "1-0"]
[WhiteElo "2502"]
[BlackElo "2288"]

1.d4 d5 2.c4 dxc4 3.Nf3 c5 4.e3 cxd4 5.Bxc4 Qc7 6.Bb3 dxe3 7.Bxe3 Nf6 8.Nc3 a6
9.O-O Nc6 10.Rc1 e6 11.Na4 Be7 12.Nb6 Rb8 13.Nd4 O-O 14.Qf3 Bd6 15.Nxc6 bxc6
16.Rxc6 Bb7 17.Rxc7 Bxf3 18.Ra7 Rb7 19.Nc4 Bb8 20.Rxa6 Be2 21.Re1 Bxc4 22.Bxc4 Rxb2
23.g3 Rc8 24.Bb3 Ng4 25.Rc1 Rxc1+ 26.Bxc1 Rb1 27.Rc6 g6 28.Kg2 Ba7 29.Ba3 Nxf2
30.Rc8+ Kg7 31.Rc7 Bb6 32.Rb7 Bd4 33.Bxe6 Ne4 34.Rxf7+ Kh8 35.Rf8+ Kg7 36.Rf7+ Kh8
37.Rf1  1-0

[Event "Weihnachtsopen Masters"]
[Site "Zurich SUI"]
[Date "2006.12.26"]
[Round "1"]
[White "Wuethrich,L"]
[Black "Warakomski,T"]
[Result "0-1"]
[WhiteElo "2108"]
[BlackElo "2446"]

1.d4 d5 2.c4 dxc4 3.Nf3 c5 4.e3 cxd4 5.exd4 Be6 6.Nc3 Nf6 7.Ne5 Nc6 8.Nxc6 bxc6
9.Qa4 Qd7 10.Bxc4 Bxc4 11.Qxc4 e6 12.O-O Be7 13.Bg5 Rb8 14.Bxf6 gxf6 15.Qe2 Qxd4
16.Rfd1 Qe5 17.Qc4 O-O 18.b3 Rfd8 19.Na4 c5 20.Rxd8+ Rxd8 21.Rc1 Rd2 22.g3 Qf5
23.Rf1 Rxa2 24.Qa6 Bf8 25.Qxa7 c4 26.Qb8 Qa5 27.Nb6 Qb4 28.Rd1 cxb3  0-1

[Event "16th North American Open"]
[Site "Las Vegas USA"]
[Date "2006.12.28"]
[Round "5"]
[White "Annakov,B"]
[Black "Iwamoto,T"]
[Result "1/2-1/2"]
[WhiteElo "2487"]
[BlackElo "2267"]

1.d4 d5 2.c4 dxc4 3.Nf3 a6 4.Nc3 Nf6 5.e3 e6 6.Bxc4 c5 7.O-O b5 8.Bb3 Bb7
9.Qe2 Qc7 10.Rd1 Nbd7 11.Bd2 Be7 12.Rac1 Qb6 13.dxc5 Nxc5 14.Bc2 O-O 15.Nd4 Rfd8
16.Be1 Bf8 17.f3 e5 18.Nf5  1/2-1/2

[Event "27th Open A"]
[Site "Bethune FRA"]
[Date "2006.12.30"]
[Round "9"]
[White "Gladyszev,O"]
[Black "Thorfinnsson,Bj"]
[Result "1-0"]
[WhiteElo "2463"]
[BlackElo "2317"]

1.d4 d5 2.c4 dxc4 3.Nf3 a6 4.e3 b5 5.a4 Bb7 6.b3 e6 7.bxc4 b4 8.c5 Nc6 9.a5 Nf6
10.Bc4 Be7 11.O-O O-O 12.Qe2 e5 13.dxe5 Ne4 14.Rd1 Qc8 15.Bb2 Nxc5 16.Nbd2 Rd8
17.Rdc1 Qg4 18.Nb3 Nxb3 19.Bxb3 Nxa5 20.Bd1 Nb3 21.Bxb3 Rd2 22.Qc4 Qxc4 23.Rxc4 Rxb2
24.Rxc7 Rxb3 25.Rxb7 Bf8 26.g3 a5 27.Nd4 Rc3 28.e6 fxe6 29.Nxe6 Rc4 30.Nxf8 Kxf8
31.Ra4 Ra6 32.Kg2 Rc2 33.Rbxb4 axb4 34.Rxa6 b3 35.Ra7 b2 36.Rb7 Ke8 37.e4 Kd8
38.Kf3 Kc8 39.Rb4 Kc7 40.Ke3 Kc6 41.Rb8 Kc5 42.e5 Kc4 43.e6 Rc3+ 44.Kf4 Rb3
45.Rxb3 Kxb3 46.e7 b1=Q 47.e8=Q Qg1 48.Qe3+ Kc4 49.h4 Kd5 50.f3 Qa1 51.Qe4+ Kd6
52.Qxh7 Ke7 53.Qg8 Qa6 54.h5 Qf6+ 55.Kg4 Qa1 56.h6 gxh6 57.Qh7+ Kf8 58.Qxh6+ Kg8
59.Qe6+ Kg7 60.Qd7+ Kg6 61.f4 Qb2 62.Qe6+ Kh7 63.Qe5 Qb3 64.f5 Qd1+ 65.Kh4 Qh1+
66.Kg5 Qc1+ 67.Qf4 Qc5 68.Qh4+ Kg8 69.Kh5 Qd5 70.Qg5+  1-0

[Event "ch-NZL 2006-7"]
[Site "Wanganui NZL"]
[Date "2007.01.06"]
[Round "5"]
[White "Steadman,M"]
[Black "Burns,C"]
[Result "1/2-1/2"]
[WhiteElo "2265"]
[BlackElo "2017"]

1.d4 d5 2.c4 dxc4 3.Nf3 a6 4.a4 Nc6 5.e3 Bg4 6.Bxc4 e6 7.O-O Nf6 8.Nc3 Bd6
9.Be2 h6 10.Qb3 Rb8 11.Rd1 Qe7 12.h3 Bh5 13.Bd2 O-O 14.d5 exd5 15.Nxd5 Nxd5
16.Qxd5 Bg6 17.Bc3 Rbd8 18.Qb3 Be4 19.Rd2 a5 20.Qb5 b6 21.Qh5 Bb4 22.Nd4 Bxc3
23.bxc3 Ne5 24.f4 Ng6 25.Rad1 Qf6 26.Bf3 Rd5 27.f5 Bxf3 28.Qxf3 Ne7 29.e4 Rc5
30.Qg3 Rd8 31.Nb5 Rxd2 32.Rxd2 c6 33.Qb8+ Kh7 34.Rd8 g6 35.Qxb6 Qe5 36.Rd5 Rxd5
37.exd5 Qe1+ 38.Kh2 Qe5+ 39.Kg1 Qe1+ 40.Kh2 Qe5+ 41.Kg1 Qe1+  1/2-1/2

[Event "ch-Kyiv"]
[Site "Kyiv UKR"]
[Date "2007.01.26"]
[Round "7"]
[White "Ivchenko,A UKR"]
[Black "Semenova,L"]
[Result "1/2-1/2"]
[WhiteElo "2154"]
[BlackElo "2270"]

1.d4 d5 2.c4 dxc4 3.Nf3 a6 4.e3 Nf6 5.Bxc4 g6 6.Qb3 e6 7.a4 Bg7 8.O-O O-O
9.Nc3 Nfd7 10.Rd1 Nc6 11.a5 Qe7 12.e4 b6 13.axb6 cxb6 14.Bg5 Qe8 15.Qa3 h6
16.Be3 Bb7 17.Qd6 b5 18.d5 exd5 19.Bxd5 Nf6 20.Bxh6 Rd8 21.Qf4 b4 22.Bxg7 Kxg7
23.Na4 Qe7 24.Rac1 Na5 25.Re1 Bxd5 26.exd5 Nxd5 27.Qd4+ Qf6 28.Qxf6+ Nxf6
29.g3 Nb3 30.Rc6 a5 31.Nc5 Nxc5 32.Rxc5 a4 33.Ra1 Ra8 34.Rb5 b3 35.Rb4 Rfc8
36.Nd4 Ne4 37.Kg2 Nc5 38.Rd1 Rab8 39.Rxb8 Rxb8 40.Ra1 Rb4 41.Rd1 Rc4 42.Kf3 Rc2
43.Nxc2 bxc2 44.Rc1 Nb3 45.Rxc2 Nd4+ 46.Ke3 Nxc2+ 47.Kd2 Nd4 48.Kc3 Nc6 49.Kc4 Ne5+
50.Kd4 Kf6 51.f4 Nf3+ 52.Kc4 Nxh2 53.Kb5 Kf5 54.Kxa4 Nf3 55.Kb4 Ke4 56.Kc4 f5
57.b4 Nd4 58.Kc5 Ne2 59.Kc4 Nd4 60.Kc5 Kd3 61.Kd5 Nb5 62.Ke5 Ke3 63.Kf6 Ke4
64.Kxg6 Nd4 65.Kg5 Ne6+ 66.Kf6 Nd4 67.Kg5 Kf3 68.b5 Nxb5 69.Kxf5  1/2-1/2

[Event "12th HIT Open A"]
[Site "Nova Gorica SLO"]
[Date "2007.01.28"]
[Round "4"]
[White "Doric,D"]
[Black "Sermek,D"]
[Result "1/2-1/2"]
[WhiteElo "2474"]
[BlackElo "2530"]

1.d4 d5 2.c4 dxc4 3.Nf3 c5 4.d5 e6 5.Nc3 Nf6 6.e4 exd5 7.e5 Ne4 8.Qxd5 Nxc3
9.Qxd8+ Kxd8 10.bxc3 Be6 11.Ng5 Nd7 12.Nxe6+ fxe6 13.Bf4 Nb6 14.a4 a5 15.Be2 Kc7
16.Kd2 g6 17.Kc2 Bg7 18.Rhb1 Nd7 19.Bxc4 Bxe5 20.Bxe5+ Nxe5 21.Bxe6 Rae8
22.Bd5 b6 23.f3 Re7 24.Re1 Rhe8 25.Re4 g5 26.Rae1 Kd6 27.c4 h6 28.Kc3 Nd7
29.Rxe7 Rxe7 30.Rxe7 Kxe7 31.Kd3 Kd6 32.Ke3 Nf6 33.Bb7 Ke5 34.g3 Kf5  1/2-1/2

[Event "Zima Rating Tournament"]
[Site "St Petersburg RUS"]
[Date "2007.01.29"]
[Round "1"]
[White "Smirnov,Arte"]
[Black "Gaprindashvili,N2"]
[Result "1-0"]
[WhiteElo "2385"]
[BlackElo "2043"]

1.d4 d5 2.c4 dxc4 3.Nf3 a6 4.e3 Nf6 5.Bxc4 e6 6.Qc2 c5 7.dxc5 Bxc5 8.O-O O-O
9.e4 h6 10.e5 Nfd7 11.Nc3 Nc6 12.Qe4 Re8 13.Rd1 Qc7 14.Bd3 Nf8 15.Bf4 Nb4
16.Rac1 Bd7 17.Bxh6 Nxd3 18.Qxd3 gxh6 19.Ne4 Red8 20.Rxc5 Qb6 21.Nf6+ Kg7
22.Nh5+ Kh8 23.Qe3 Nh7 24.Qxh6 Rg8 25.Nf6 Rg7 26.Nxd7 Rd8 27.Qc1  1-0

[Event "Masters"]
[Site "Bunratty IRL"]
[Date "2007.02.23"]
[Round "1"]
[White "De Jonge,H"]
[Black "Baburin,A"]
[Result "0-1"]
[WhiteElo "2005"]
[BlackElo "2545"]

1.d4 d5 2.c4 dxc4 3.Nf3 a6 4.a4 Nf6 5.Nc3 Nc6 6.e4 Bg4 7.Be3 Bxf3 8.gxf3 e5
9.d5 Na5 10.Rg1 g6 11.f4 exf4 12.Bxf4 Bg7 13.Be2 O-O 14.Bg5 Qd6 15.f4 Qb4
16.Qc2 Nxe4 17.Qxe4 Qxb2 18.Kf2 Rfe8 19.Be7 Qxc3 20.Rad1 Nb3 21.Rg3 Nd2 22.Rxd2 Qxd2
23.f5 Qd4+  0-1

[Event "Bundesliga 2006-7"]
[Site "Muelheim Nord GER"]
[Date "2007.02.24"]
[Round "10"]
[White "Scholz,C"]
[Black "Cernousek,L"]
[Result "1-0"]
[WhiteElo "2382"]
[BlackElo "2397"]

1.d4 d5 2.c4 dxc4 3.Nf3 a6 4.e3 e6 5.Bxc4 c5 6.O-O Nf6 7.Bb3 b5 8.a4 Bb7
9.axb5 axb5 10.Rxa8 Bxa8 11.Qe2 c4 12.Bc2 Nbd7 13.e4 Be7 14.Bg5 h6 15.Bh4 O-O
16.Nc3 b4 17.e5 bxc3 18.exf6 Bxf6 19.Bxf6 Nxf6 20.bxc3 Qd5 21.Ra1 Rc8 22.Ra4 Nh5
23.Qe3 Rb8 24.Ne1 Bc6 25.Ra2 Qg5 26.Ra6 Bd5 27.Qxg5 hxg5 28.g3 Rb2 29.Ra4 g4
30.Rb4 Rxb4 31.cxb4 f5 32.Ng2 Kf7 33.Ne3 Nf6 34.Kf1 Ke7 35.Ke2 Kd6 36.Ba4 Ne4
37.Nd1 Bb7 38.Bc2 Ng5 39.Ne3 Bd5 40.Kd2 Nf3+ 41.Kc3 Nxh2 42.Nxc4+ Bxc4 43.Kxc4 Nf3
44.b5 g6 45.Kd3 Ng5 46.Ke3 Nf7 47.Bd3 Kd7 48.b6 Kc6 49.Bc4 Kxb6 50.Bxe6 Nd6
51.Kf4 Kc6 52.Ke5 Kc7 53.Bd5 Nb5 54.Bf7 g5 55.d5 f4 56.gxf4 gxf4 57.Kxf4 Kd6
58.Kxg4 Nc3 59.f4  1-0

[Event "19th Kreuz Open"]
[Site "Lenk SUI"]
[Date "2007.04.05"]
[Round "1"]
[White "Cucchiani,C"]
[Black "Stojanovic,Mih"]
[Result "0-1"]
[WhiteElo "2034"]
[BlackElo "2588"]

1.d4 d5 2.c4 dxc4 3.Nf3 c5 4.e3 cxd4 5.Qxd4 Qxd4 6.Nxd4 Bd7 7.Bxc4 Nc6 8.Nxc6 Bxc6
9.O-O Rc8 10.b3 Nf6 11.Bb2 e6 12.Nc3 a6 13.Rfd1 Bc5 14.Rac1 Ke7 15.h3 Rhd8
16.Rxd8 Rxd8 17.Rd1 Rc8 18.Ne2 g6 19.Nd4 Bd5 20.Bxd5 Nxd5 21.Nf3 Bb4 22.Nd4 Nc3
23.Ra1 e5 24.Nf3 f6 25.a3 Bd6 26.Ne1 Kd7 27.Kf1 Ne4 28.Ke2 Nc5 29.b4 Na4
30.Bc1 e4 31.Bd2 Nb6 32.Rc1 Nc4 33.Ra1 Ke6 34.f4 g5 35.g3 gxf4 36.gxf4 Rg8
37.Bc3 Rg1 38.Ra2 Rh1 39.Nc2 Rxh3 40.Bd4 Kf7  0-1